00720nam a2200229Ia 4500003000400000005001700004008004100021020002200062040000700084041000800091082002300099100002700122245003100149260004100180300001600221365001300237650002500250906003300275942001200308999001900320952015100339OSt20230525091852.0210423s2012 xx 000 0 und d a978-93-81421-52-9 cAL aeng a574.192 223bKUME aKUMARI (Sanju)9113431 aEnvironmental biochemistry aNew DelhibRandom Publicationsc2012 avii,304bHB b900cINR aBiochemistry9113432 abiochemistry ; Environmental 2ddccBK c167279d167279 001040708BIOCaSACPGbSACPGd2015-10-26esuper book services, Bangaloreg900.00l0o574.192 KUMEpPG013780r2022-08-24 00:00:00w2021-04-26yBK